000 00350nam a2200157Ia 4500
001 8142
003 IN-NITTTR
005 20251114233035.0
008 251113s9999||||xx |||||||||||||| ||eng||
040 _beng
040 _cIN-NITTTR
041 _aeng
082 _a621.38152 B469S R
245 0 _aSemiconductors :
_b data manual. /
942 _2ddc
_cBK
999 _c10780
_d10780